|
|
|
|
| LEADER |
00000nab a2200000 a 4500 |
| 001 |
vtls000245613 |
| 003 |
SK-MaSNL |
| 005 |
20260302210617.0 |
| 008 |
190109c1986 xo 0 slo |
| 015 |
|
|
|a SNBRB19rr/mm-uuuuu
|
| 035 |
|
|
|a CL0255727
|
| 040 |
|
|
|a SNKBUCL
|b slo
|c SNKBUCL
|e AACR2
|
| 041 |
0 |
|
|a slo
|
| 044 |
|
|
|a xo
|c SK
|
| 080 |
|
|
|a 331.88(437)
|2 1981
|
| 245 |
0 |
0 |
|a Zvolanie všeodborového zjazdu
|b V Prahe sa včera skončila 15. plenárna schôdza ÚRO
|
| 610 |
2 |
7 |
|a Revolučné odborové hnutie.
|b Ústredná rada odborov
|2 SNKKA
|9 180099
|
| 655 |
|
7 |
|a články z novín a časopisov
|2 snkbucl
|9 267496
|
| 773 |
0 |
|
|t Práca
|g Roč. 41, č. 98 (26. 4. 1986), s. 1-2
|
| 850 |
|
|
|a Slovenská národná knižnica v Martine
|a MTA001
|
| 852 |
|
|
|a SNK
|b KIS3GCP
|
| 958 |
|
|
|a RK
|
| 958 |
|
|
|a CZ
|
| 992 |
|
|
|a RBX
|
| 999 |
|
|
|c 1483329
|d 1485259
|